| 000 | 00953cam a2200265 a 4500 | ||
|---|---|---|---|
| 001 | 000005265 | ||
| 005 | 20200929151627.0 | ||
| 008 | 960321s1995 sp a 001 1 spa | ||
| 020 | _a8437613736 | ||
| 040 |
_aDO-SdBNP _cDLC |
||
| 082 |
_a863.4 _bI82h |
||
| 100 | 1 |
_aIsla, José Francisco de, _d1703-1781. _914104 |
|
| 245 | 1 | 0 |
_aHistoria del famoso predicador fray Gerundio de Campazas, alias Zotes / _cJosé Francisco de Isla ; edición de Enrique Rodríguez Cepeda. |
| 246 | 1 | 4 | _aFray Gerundio de Campazas, alias Zotes |
| 260 |
_aMadrid : _bCátedra, _c1995. |
||
| 300 |
_a910 p. ; : _bil. ; _c18 cm. |
||
| 490 | 1 |
_aLetras hispánicas _v402 |
|
| 504 | _aIncluye referencias bibliográficas: (p. 121-125). | ||
| 650 | 4 |
_aNovela española _91123 |
|
| 650 | 4 |
_aLiteratura española _9632 |
|
| 700 | 1 |
_aRodríguez Cepeda, Enrique, _eed. _915016 |
|
| 830 | 0 |
_aLetras hispánicas ; _v402 _94208 |
|
| 910 | _aCatalogación por copia / LC | ||
| 910 | _aWM | ||
| 999 |
_c5066 _d5066 |
||